Statistiken für Französisch Dossier A Volet 3

Klicken Sie hier um das Quiz zu spielen!

Allgemein

  • Dieses Quiz wurde 25 mal gespielt
  • Das Durchschnittsergebnis liegt bei 28 aus 43

Antwortstatistiken

DeutschFranzösisch% Korrekt
inakzeptabelinacceptable
88%
absurdabsurde
75%
egoistischégoïste
75%
anstrengend, ermüdendfatigant/fatigante
75%
die Brüderlichkeitla fraternité
75%
das Lichtla lumière
75%
die Politikla politique
75%
der Rechtsanwalt, die Rechtsanwältinl'avocat/l'avocate
75%
der Gleichstand, die Gleichheit,
die Gleichberechtigung
l'égalité
75%
der Job, die Stellele job
75%
die Wahll'élection
75%
der Müllsackle sac poubelle
75%
der Slogan, der Spruchle slogan
75%
der/die Homosexuellel'homosexuel/l'homosexuelle
75%
die Ungleichheitl'inégalité
75%
rassistischraciste
75%
sich empörens'indigner
75%
solidarischsolidaire
75%
alles zu seiner Zeitchaque chose en son temps
63%
etw. ausschaltenéteindre qc
63%
spendenfaire un don
63%
die Wäsche, das Waschmittella lessive
63%
die Haltung, die Einstellungl'attitude
63%
die Spende, die Schenkungle don
63%
der/die Ehrenamtliche, Freiwilligele/la bénévole
63%
Ehe für gleichgeschlechtliche Paarele mariage pour tous
63%
das Mitgliedle membre
63%
das Vorurteille préjugé
63%
das Flugblattle tract
63%
die Gleichgültigkeitl'indifférence
63%
die Ungerechtigkeitl'injustice
63%
jdn empörenrévolter qn
63%
sich (von etw.) betroffen fühlense sentir concerné/
concernée (par qc)
63%
jdn/etw. unterstützensoutenir qn/qc
63%
vor Ortsur le terrain
63%
sich lohnen (etw.zu tun)valoir la peine
63%
etw. feststellenconstater qc
50%
etw. verteilen, etw. austeilendistribuer qc
50%
der/die Obdachlosele/la SDF (sans domicile fixe)
50%
das Lebensmittelgeschäftl'épicerie
50%
aktiv, engagiertmilitant/militante
50%
etw. ablehnenrefuser qc
50%
jdn ausweisen, abschiebenexpulser qn
13%

Verteilung der Resultate

Perzentil nach korrekt beantworteten Fragen

Anzahl Personen mit jedem Resultat

Ihre Resultats-Entwicklung

Sie haben dieses Quiz noch nicht gespielt